|
|
|
|
| LEADER |
00000cam a2200000 7i4500 |
| 001 |
0000130211 |
| 005 |
20190131.0 |
| 008 |
190131s2017 tama h0 f tm |
| 020 |
|
|
|a 9788179044858
|
| 040 |
|
|
|a PERPUSTAM
|b eng
|c PERPUSTAM
|e rda
|
| 090 |
0 |
0 |
|a JFT
|b PAT
|
| 245 |
0 |
0 |
|a Pathu Dainosaras Tholargal
|
| 264 |
|
1 |
|a Chennai, India :
|b Apple Publishing
|c 2017
|
| 300 |
|
|
|a 16 pages :
|b colour illustrations ;
|c 19cm.
|
| 336 |
|
|
|a text, rdacontent
|
| 337 |
|
|
|a unmediated
|2 rdamedia
|
| 338 |
|
|
|a volume
|2 rdacarrier
|
| 490 |
0 |
|
|a Apple Paadal Kathaigal
|
| 650 |
1 |
0 |
|a Junior fiction
|x India
|
| 830 |
|
0 |
|a Apple Paadal Kathaigal
|
| 999 |
|
|
|a 0000542107
|b Buku
|c Koleksi Pinjaman Kanak-Kanak
|e Perbadanan Perpustakaan Awam Melaka
|